| 000 | 00708nam a22002297a 4500 | ||
|---|---|---|---|
| 008 | 130902b xxu||||| |||| 00| 0 eng d | ||
| 024 | _cAvailable | ||
| 037 | _cAvailable | ||
| 040 |
_aMBSTU LIBRARY _dMBSTU LIBRARY |
||
| 082 |
_222 _a363.7 BAE |
||
| 100 | _aBaldwin, Johbn H. | ||
| 245 | _aEnvironmental planning and management. | ||
| 260 |
_aIndia _bInternational Book Distributors. _c1988 |
||
| 300 |
_a22 cm. _b336 page _f1 _g22 cm. |
||
| 600 | _2Environmental problems. | ||
| 650 | _2Environmental problems. | ||
| 700 | _aBaldwin, Johbn H. | ||
| 270 |
_aIndia _bIndia _dIndia |
||
| 365 |
_b420.00 _d420.00 |
||
| 942 |
_2ddc _cBK |
||
| 999 |
_c645 _d645 |
||